000 01946cam a22004454i 4500
003 PE-LiUPU
005 20250731175635.0
008 150616s r 000 0 d
020 _a8428305528
035 _a(Sirsi) i9788428305525
040 _aPE-LiUPU
_bspa
_cPE-LiUPU
_erda
049 _aPRUA
082 0 4 _b
_221
100 1 _aPolo, José,
_eautor.
245 1 0 _aOrtografía y ciencia del lenguaje.
264 1 _aMadrid :
_bParaninfo,
_c1974.
300 _a580 páginas ;
_c22 centímetros
336 _atext
_2rdacontent
337 _aunmediated
_2rdamedia
338 _avolume
_2rdacarrier
504 _aIncluye bibliografía.
505 0 _aLa ortografía y nuestros intelectuales: -El estudiante universitario -- Por el mundo de las letras -- Notas sobre la relación ortografía-estilística. Problemas ortográficos: -Ortografía básica de la palabra -- El acento -- Ortografía de la clase. La ortografía como grafémica: -Cuestiones teóricas.
526 _aP145
526 _aP127
526 _aP97
526 _aP35
526 _aP14
526 _aP07
650 0 4 _aESPAÑOL - ORTOGRAFIA.
910 _ajck
_bjvq
_cjck
942 _2ddc
_cBOOK
949 _a461.4 P75
_wDEWEY
_c1
_i25669
_lCCODEBUL1
_mBUL
_r0
_sY
_tBOOK
_u2015-4-23
_xEDUCACION
_zUNKNOWN
_0COMPRA
_o.STAFF. Colección General
949 _a461.4 P75
_wDEWEY
_c2
_i21564
_lCCODEBUL1
_mBUL
_r0
_sY
_tBOOK
_u2015-6-16
_xEDUCACION
_PP20
_0COMPRA
_o.STAFF. Colección General
994 _aC0
_bPEPRU
596 _a1
999 _a461.4 P75
_wDEWEY
_c48503
_i25669
_d48503
_f2021-11-8
_g5
_lCCODEBUL1
_mBUL
_q1
_r0
_sN
_tBOOK
_u2015-4-23
_xEDUCACION
_zUNKNOWN
_0COMPRA
_o.STAFF. Colección General
999 _a461.4 P75
_wDEWEY
_c2
_i21564
_f2021-11-8
_g5
_lCCODEBUL1
_mBUL
_r0
_sN
_tBOOK
_u2015-6-16
_xEDUCACION
_PP20
_0COMPRA
_o.STAFF. Colección General
980 _81
_gALBERTO SANCHEZ Responsable de Automatización